| 000 | 01232cam a2200229 4500 | ||
|---|---|---|---|
| 001 | ABS67238 | ||
| 008 | 031119n2003 000 0 eng u | ||
| 035 | _a(Sirsi) u124374 | ||
| 100 | _aMurdoch, S. | ||
| 245 | _aOccupational hazard | ||
| 260 | _c2003 | ||
| 490 |
_aEstates Gazette _v(0345) 8 November 2003, 173(1) |
||
| 520 | _aThe recent cases "Mean Fiddler Holdings Ltd v Islington LBC" highlight the complexities of obtaining compensation where difficult points of law and jurisdiction have to be addressed first. The first case ([2003] EWCA Civ 160, X122498) addressed the preliminary issue of whether the way in which M operated its business was a breach of its lease and should therefore be excluded when assessing compensation. In the second case (ACQ/29/2001, AbsƯ) LT held that it had the jurisdiction to refuse to allow raising of issues where this would amount to an abuse of process. | ||
| 590 | _aABS | ||
| 650 | _aMEAN FIDDLER HOLDINGS LTD V ISLINGTON LBC | ||
| 650 | _aNIGHTCLUBS | ||
| 650 | _aALIENATION CLAUSES | ||
| 650 | _aLEASES | ||
| 650 | _aCOMPULSORY PURCHASE ORDERS | ||
| 690 | _aENVIRONMENTAL AND LAND CONSULTANCY-PLANNING AND DEVELOPMENT-COMPULSORY PURCHASE AND COMPENSATION | ||
| 942 | _n0 | ||
| 999 |
_c73811 _d73811 |
||